Anh chính là thanh xuân của em
Wedi'i Gadw mewn:
| Prif Awdur: | |
|---|---|
| Fformat: | Llyfr |
| Cyhoeddwyd: |
Hà Nội
Phụ nữ
2017
|
| Pynciau: | |
| Tagiau: |
Ychwanegu Tag
Dim Tagiau, Byddwch y cyntaf i dagio'r cofnod hwn!
|
| Thư viện lưu trữ: | Trung tâm Học liệu Lê Vũ Hùng, Trường Đại học Đồng Tháp |
|---|
| LEADER | 00694pam a22002298a 4500 | ||
|---|---|---|---|
| 001 | 00042722 | ||
| 005 | 20181017101008.0 | ||
| 008 | 141103s2013 ||||||Viesd | ||
| 020 | # | # | |c 89000 |a 978 604 56 5266 4 |
| 041 | 0 | # | |a Vie |
| 082 | 1 | 4 | |a 895.922 840 8 |b A107CH |
| 100 | 0 | # | |a Hạ, Vũ |
| 245 | 0 | 0 | |a Anh chính là thanh xuân của em |c Hạ Vũ |
| 260 | # | # | |a Hà Nội |b Phụ nữ |c 2017 |
| 300 | # | # | |a 253 tr. |c 21 cm. |
| 653 | # | # | |a Thương hiệu |
| 653 | # | # | |a Tản văn |
| 653 | # | # | |a Việt Nam |
| 653 | # | # | |a Văn học |
| 852 | # | # | |j KD.0024416 |j KM.0026637 |
| 910 | |d 17/10/2018 | ||
| 980 | # | # | |a Trung tâm Học liệu Lê Vũ Hùng, Trường Đại học Đồng Tháp |